| 000 | 01051nam a2200205 a 4500 | ||
|---|---|---|---|
| 001 | 001137789 | ||
| 003 | AM-YeHGA | ||
| 005 | 20250617152134.0 | ||
| 008 | 160329s1976 ||| r 000 0 rus d | ||
| 040 | _aAM-YeHGA | ||
| 041 | 0 | _arus | |
| 245 | 0 | 0 |
_aЛокальные автоматизированные системы автоматики и вычислительной техники / _cАН УССР. Науч. совет по проблеме "Теорет. электротехника и электроника". Харьк. политехн. ин-т им. В.И. Ленина; Ред. В.Г. Воронов (отв. ред.) и др. |
| 260 |
_aКиев : _bНаук. думка, _c1976. |
||
| 300 |
_a143 с. : _bил. |
||
| 653 | 0 | _aВычислительная техника - Сборники | |
| 653 | 0 | _aАвтоматика - Сборники | |
| 700 | 1 |
_aВоронов, В.Г. _eред. _4edt |
|
| 710 | 2 | _aХарьковский политехнический институт им. В.И. Ленина | |
| 090 | _c366908 | ||
| 999 |
_c365047 _d365047 |
||